| 000 | 00715nam a22002057a 4500 | ||
|---|---|---|---|
| 999 |
_c478265 _d478265 |
||
| 003 | NUST | ||
| 005 | 20180502111542.0 | ||
| 008 | 180502b ||||| |||| 00| 0 eng d | ||
| 040 | _c0 | ||
| 082 | _a628 RID | ||
| 100 |
_aRida Khalid, Farhan Ali Naeem, Rana Usama Bin Tahir _910272 |
||
| 245 |
_aDesign Modification For National Science and Technology Park (NSTP) as an Eco-friendly Building _cRida Khalid, Farhan Ali Naeem, Rana Usama Bin Tahir |
||
| 260 |
_aIslamabad _bIESE (SCEE) NUST _c2017 |
||
| 300 | _a58p. | ||
| 440 |
_aUG Environmental Engineering _91834 |
||
| 500 | _aThesis UG EE | ||
| 650 |
_aEnvironmental Engineering _91550 |
||
| 700 | _4Ms. Khadija Amir (Supervisor) | ||
| 942 |
_2ddc _cTHE _kIESE |
||